| 000 | 01147cam a2200373 a 4500 | ||
|---|---|---|---|
| 001 | 3072951 | ||
| 003 | OSt | ||
| 005 | 20140310184359.0 | ||
| 008 | 971008s1998 nyu c 000 1 eng | ||
| 010 | _a 97042987 | ||
| 020 | _a9780439113106 | ||
| 020 | _a0439113105 | ||
| 040 |
_aDLC _cDLC _dDLC |
||
| 042 | _alcac | ||
| 050 | 0 | 0 |
_aPZ 7 _b.B5338 1999 |
| 100 | 1 |
_aBlackwood, Gary L. _920494 |
|
| 245 | 1 | 4 |
_aThe Shakespeare stealer / _cGary Blackwood. |
| 250 | _a1st ed. | ||
| 260 |
_aNew York, NY : _bScholastic Inc., _c1999. |
||
| 300 |
_a216 p. : _c22 cm. |
||
| 521 | _aG6 | ||
| 526 | _c840 | ||
| 600 | 1 | 1 |
_aShakespeare, William, _d1564-1616 _xFiction. _925686 |
| 650 | 1 |
_aTheater _xFiction. _925687 |
|
| 650 | 1 |
_aOrphans _xFiction. _925688 |
|
| 650 | 1 |
_aActors and actresses _xFiction. _925689 |
|
| 651 | 1 |
_aGreat Britain _xHistory _yElizabeth, 1558-1603 _xFiction. _925690 |
|
| 906 |
_a7 _bcbc _corignew _d1 _eocip _f19 _gy-gencatlg |
||
| 942 |
_2lcc _cBK-SCHOLAS |
||
| 999 |
_c34030 _d34030 |
||